| 000 | 00411nam a22001817a 4500 | ||
|---|---|---|---|
| 008 | 240209b |||||||| |||| 00| 0 eng d | ||
| 020 | _a9788123908595 | ||
| 040 | _a30 | ||
| 082 | _a623.16 FOR | ||
| 100 | _aFORSTER & PALASTANGA | ||
| 110 | _bAYURVEDA | ||
| 245 | _aCLAYTON'S ELECTROTHERAPY | ||
| 250 | _a8 TH | ||
| 260 |
_aNEW DELHI _bCBS _c2005 |
||
| 300 | _a233 | ||
| 650 | _aPANCHKARMA | ||
| 942 | _c01 | ||
| 999 |
_c58135 _d58135 |
||